| 000 | 01058nam a2200217 a 4500 | ||
|---|---|---|---|
| 001 | 000031768 | ||
| 003 | DO-SdBNP | ||
| 005 | 20250306133559.0 | ||
| 008 | 110701s1994 dr d 000 0 spa d | ||
| 040 |
_aDO-SdBNP _bspa _cBNPHU |
||
| 049 | _aBNPD | ||
| 110 | 1 |
_aUniversidad Autónoma de Santo Domingo _bUnidad de Investigaciones Económicas _bFacultad de Ciencias Económicas y Sociales _bDepartamento de Económicas _972951 |
|
| 245 | 1 | 0 |
_aInforme cuatrimestral sobre la economía dominicana : _bperíodo enero-abril 1994 / _cpresentación Edylberto Cabral Ramírez ; introducción América Bastidas Castañeda. |
| 246 | 1 | 1 |
_aAnálisis conyuntural de la economía dominicana, período enero-abril 1994 : _bInforme cuatrimestral 1994 |
| 260 |
_aSanto Domingo : _bUnidad de Investigaciones Económicas :, _c1994. |
||
| 300 |
_a46 p. : _bdiagrs. ; _c22 cm. |
||
| 490 | 0 | _aPublicaciones de la Universidad Autonóma de Santo Domingo | |
| 700 | 1 |
_aCabral Ramírez, Edylberto _919529 |
|
| 700 | 1 |
_aBastidas Castañeda, América, _eintrod. _932079 |
|
| 942 |
_2ddc _cLF2 |
||
| 999 |
_c31260 _d31260 |
||